Mit evangelischen Augen: Beobachtungen eines Lutheraners auf dem Zweiten Vatikanischen Konzil

שמור ב:
מידע ביבליוגרפי
מחבר ראשי: Lackmann, Max (Author)
פורמט: ספר
שפה:גרמנית
יצא לאור: Graz Styria 1963
נושאים:
תגים: הוספת תג
אין תגיות, היה/י הראשונ/ה לתייג את הרשומה!

MARC

LEADER 00000nam a2200000 a 4500
001 UCH7463
003 CL-VaPUC
008 091112e19630000AU |||||||||||||||||ger|d
082 0 4 |a 262.5  |b LAC  |2 21 
100 0 |a Lackmann, Max  |e author  |9 543921 
245 1 0 |a Mit evangelischen Augen: Beobachtungen eines Lutheraners auf dem Zweiten Vatikanischen Konzil 
300 |a 404 p 
942 |c BK 
945 |d 20091112 00:00:00  |a dcastane 
260 |a Graz  |b Styria  |c 1963 
650 0 |a Ecumenismo  |9 255639 
650 0 |a Concilios  |9 315984 
650 0 |a Catolicismo  |9 258690 
650 0 |a Protestantismo  |9 317293 
650 0 |a Concilio Vaticano II  |9 258399 
650 0 |a Magisterio eclesiástico  |9 313300 
583 |a last modification  |c 20130925 06:03:00  |k Rodrigo Vera 
999 |c 338059  |d 338057 
952 |0 0  |1 0  |4 0  |6 262_500000000000000_LAC_1963  |7 0  |8 A  |9 430857  |a BIBTEO  |b BIBTEO  |d 2019-11-22  |i 4611896  |o 262.5 LAC 1963  |p 4611896  |r 2025-01-17  |w 2019-11-22  |y BK  |k ICR